Estado y servicios pb︢licos La perspectiva europea /

Detalles Bibliográficos
Autor principal: Sorace, Domenico
Formato: eBook
Lenguaje:español
Publicado: Lima : Palestra Editores, 2006
Materias:
Acceso en línea:Acceso restringido

MARC

LEADER 00000nam a22000007a 4500
005 20120612174656.0
007 cr|||| ||||
008 120612s2006 pe |||||s|||| 00||0 spa d
035 |a 6493 
040 |a vLex 
090 |c 3167  |d 3167 
100 1 |a Sorace, Domenico 
245 1 0 |a Estado y servicios pb︢licos  |h [Recurso electrn̤ico] :  |b La perspectiva europea /  |c Domenico Sorace 
256 |a Servicio en ln̕ea 
260 |a Lima :  |b Palestra Editores,  |c 2006 
300 |a 1 recurso electrn̤ico 
506 1 |a Contenido solo disponible en los productos indicados  |d vLex Global   |d vLex Global (Academic Edition, excluding Law Schools)   |d vLex Global (U.S. Academic Edition, Law Schools)   |d vLex Global (U.S. Academic Edition, excluding Law Schools)   |d vLex Global (Academic Edition, Law Schools)  
650 0 4 |a Servicios pb︢licos  |z Per︢ 
650 0 4 |a Administracin̤ pb︢lica  |z Per︢ 
740 0 |a vLex Libros (Servicio en ln̕ea) 
856 4 0 |u http://vlex.com/source/estado-servicios-publicos-6493  |z Acceso restringido 
942 |c BOOK 
999 0 |a Public administration